[Event "St Petersburg Korchnoi Memorial op"]
[Site "St Petersburg"]
[Date "2023.08.21"]
[Round "6"]
[White "Emelyanova, Victoria"]
[Black "Gordienko, German"]
[Result "0-1"]
[WhiteElo "1686"]
[BlackElo "2000"]
[PlyCount "46"]
[EventDate "2023.08.18"]
[EventType "swiss"]
[EventRounds "9"]
[EventCountry "RUS"]
[SourceTitle "EXT 2024"]
[Source "ChessBase"]
[SourceDate "2023.10.10"]
[SourceVersion "1"]
[SourceVersionDate "2023.10.10"]
[SourceQuality "1"]

1. d4 Nf6 2. c4 g6 3. Nc3 Bg7 4. e4 d6 5. Be2 0-0 6. Bg5 Na6 7. Qd2 Qe8 8. h4 e5 9. d5 Nc5 10. f3 Nh5 11. Bh6 Ng3 12. Rh2 f5 13. Bxg7 Kxg7 14. b4 Na4 15. Nb5 Qf7 16. Qc2 fxe4 17. Qxa4 Qf4 18. Nh3 Qe3 19. Qd1 exf3 20. Qd3 f2+ 21. Nxf2 Qxf2+ 22. Kd2 Nxe2 23. Qxe2 Qf4+ 0-1

[Event "RUS-ch U20 Girls"]
[Site "Loo"]
[Date "2021.04.29"]
[Round "9"]
[White "Emelyanova, Victoria"]
[Black "Garmash, Aliona"]
[Result "0-1"]
[WhiteElo "1765"]
[BlackElo "2120"]
[PlyCount "94"]
[EventDate "2021.04.21"]
[EventType "swiss"]
[EventRounds "9"]
[EventCountry "RUS"]
[SourceTitle "CBM 202 Extra"]
[Source "ChessBase"]
[SourceDate "2021.07.31"]
[SourceVersion "1"]
[SourceVersionDate "2021.07.31"]
[SourceQuality "1"]

1. c4 c6 2. e4 d5 3. exd5 cxd5 4. d4 Nf6 5. Nc3 e6 6. Nf3 Bb4 7. Qb3 Nc6 8. Bg5 0-0 9. Bd3 dxc4 10. Bxc4 Be7 11. Qd1 a6 12. 0-0 b5 13. Bb3 Bb7 14. Re1 Na5 15. Bc2 Nc4 16. b3 Nb6 17. Qd3 g6 18. Ne5 Nbd5 19. Nxd5 Nxd5 20. Bxe7 Qxe7 21. Qg3 Rac8 22. Rac1 Rc3 23. Bd3 Rfc8 24. Rxc3 Rxc3 25. f3 Qb4 26. Qh4 f6 27. Bxg6 hxg6 28. Nxg6 Rc6 29. Qh8+ Kf7 30. Qh7+ Ke8 31. Rxe6+ Rxe6 32. Qg8+ Kd7 33. Nf8+ Kc7 34. Nxe6+ Kd6 35. h3 Qe1+ 36. Kh2 Qxe6 37. Qb8+ Kc6 38. Qa7 Qd6+ 39. g3 Nb6 40. a4 Qxd4 41. axb5+ Kc7 42. h4 Qf2+ 43. Kh3 Qf1+ 44. Kh2 Qxb5 45. Kh3 Qf1+ 46. Kg4 Qxf3+ 47. Kh3 f5 0-1

[Event "RUS-ch U20 Girls"]
[Site "Loo"]
[Date "2021.04.24"]
[Round "4"]
[White "Emelyanova, Victoria"]
[Black "Gelman, Inna"]
[Result "0-1"]
[WhiteElo "1765"]
[BlackElo "1801"]
[PlyCount "130"]
[EventDate "2021.04.21"]
[EventType "swiss"]
[EventRounds "9"]
[EventCountry "RUS"]
[SourceTitle "CBM 202 Extra"]
[Source "ChessBase"]
[SourceDate "2021.07.31"]
[SourceVersion "1"]
[SourceVersionDate "2021.07.31"]
[SourceQuality "1"]

1. d4 d5 2. c4 e6 3. Nc3 Nf6 4. e3 c6 5. Nf3 Nbd7 6. Bd3 dxc4 7. Bxc4 b5 8. Bd3 Bb7 9. e4 Be7 10. e5 Nd5 11. 0-0 a6 12. Nxd5 cxd5 13. Bb1 0-0 14. Qd3 g6 15. Bh6 Re8 16. Ne1 f6 17. Qg3 f5 18. Nf3 Bf8 19. Bxf8 Nxf8 20. Bd3 Qb6 21. h4 h6 22. Qf4 Kh7 23. g4 Ra7 24. Kh2 Bc8 25. Rg1 Ree7 26. Rg2 Rf7 27. Rag1 Qd8 28. gxf5 exf5 29. Qd2 Rg7 30. Qe3 Raf7 31. Qd2 Qd7 32. Qc1 f4 33. Rg4 Kg8 34. Bf1 Qf5 35. Qd1 Qh5 36. R4g2 Bf5 37. Be2 g5 38. Kh1 g4 39. Nh2 f3 40. Nxf3 gxf3 41. Bxf3 Qxh4+ 42. Rh2 Qf4 43. Rxg7+ Rxg7 44. Bxd5+ Kh7 45. Rg2 Be4 46. Bxe4+ Qxe4 47. f3 Qh4+ 48. Kg1 Rxg2+ 49. Kxg2 Ne6 50. Qc2+ Kg7 51. Qc6 Nxd4 52. Qd7+ Kg6 53. e6 Qg5+ 54. Kf2 Qd2+ 55. Kg3 Qe1+ 56. Kg2 Qe2+ 57. Kh1 Qxf3+ 58. Kh2 Qe2+ 59. Kh1 Nxe6 60. Qe8+ Kg5 61. Qg8+ Kh4 62. Qg6 Qf1+ 63. Kh2 Qf2+ 64. Kh1 Qf3+ 65. Kh2 Qh3+ 0-1